000 00848nam a2200241Ia 4500
003 OSt
005 20220923224533.0
006 a|||||r|||| 00| 0
007 ta
008 220922b |||||||| |||| 00| 0 hin d
024 _a240,643
037 _cTextual
040 _aARTS
_cARTS
_bhin
041 _2hin
_ahin
082 _aQ1:g(T), 152P3
100 _aमिश्र, भास्कर
_9156318
245 0 _aवैदिक शिक्षा पद्धति
246 _aVaidik shikṣhā paddhati
260 _aउज्जैन
_b महर्षि सान्दीपनि राष्ट्रीय वेद - विद्या प्रतिष्ठान
_c2003
300 _a281पृ.
_ccm.
942 _hQ1:g(T), 152P3
_cTEXL
_2CC
999 _c372050
_d372050